Formación de educadoras y educadores populares /
Zapisane w:
| 1. autor: | |
|---|---|
| Kolejni autorzy: | , |
| Format: | Texto |
| Etykiety: |
Dodaj etykietę
Nie ma etykietki, Dołącz pierwszą etykiete!
|
MARC
| LEADER | 00000 a a2200000 04500 | ||
|---|---|---|---|
| 001 | 9072 | ||
| 003 | |||
| 040 | |||
| 100 | |a Cúneo, Maria Delia | ||
| 245 | |a Formación de educadoras y educadores populares / |c Maria Delia Cúneo ; Brenda Bogliaccini ; Gustavo Soriano | ||
| 700 | |a Bogliaccini, Brenda | ||
| 700 | |a Soriano, Gustavo | ||
| 773 | |g número 23; páginas 80-87 | ||
| 999 | |c 35085 |d 35085 | ||
